Normal view
MARC view
- Shamim Hanfi , Minto, Sadaat Hassan
Entry Personal Name
001 - CONTROL NUMBER
- control field: 68372
003 - CONTROL NUMBER IDENTIFIER
- control field: NUST
005 - DATE AND TIME OF LATEST TRANSACTION
- control field: 20210628204033.0
008 - FIXED-LENGTH DATA ELEMENTS
- fixed length control field: 210628|| aca||aabn | a|a d
040 ## - CATALOGING SOURCE
- Original cataloging agency: NUST
- Transcribing agency: NUST
100 ## - HEADING--PERSONAL NAME
- Personal name: Shamim Hanfi , Minto, Sadaat Hassan
670 ## - SOURCE DATA FOUND
- Source citation: Work cat.: (NUST): Shamim Hanfi , Minto, Sadaat Hassan, Manto haqeeqat say afsanay tak, 2012
